Proceso sobre asilo entre el Perú y Colombia ante la Corte Internacional de Justicia: documentación pertinente al desarrollo del juicio sentencia del 20 de noviembre de 1950

Saved in:
Bibliografiske detaljer
Institution som forfatter: Ministerio de Relaciones Exteriores (Author)
Format: Bog
Sprog:spansk
Udgivet: Lima Ministerio de Relaciones Exteriores 1951
Fag:
Tags: Tilføj Tag
Ingen Tags, Vær først til at tagge denne postø!

MARC

LEADER 00000nam a2200000 a 4500
001 UCT9137
003 CL-VaPUC
008 970404e19510000pe |||||||||||||||||spa|d
082 0 4 |a 341.488  |b MIN  |2 21 
110 2 |a Ministerio de Relaciones Exteriores  |e author  |9 381532 
245 1 0 |a Proceso sobre asilo entre el Perú y Colombia ante la Corte Internacional de Justicia: documentación pertinente al desarrollo del juicio sentencia del 20 de noviembre de 1950 
300 |a 2 v 
942 |c BK 
945 |d 19970404 00:00:00  |a cmena 
260 |a Lima  |b Ministerio de Relaciones Exteriores  |c 1951 
650 7 |a LEGISLACION  |2 CL-VaPUC  |9 381533 
650 0 |a Asilos   |9 508301 
650 0 |a Asilo político   |9 340540 
650 0 |a Inmigración  |9 268290 
650 0 |a Relaciones Internacionales  |9 255740 
650 0 |a Tratados internacionales   |9 256056 
650 7 |a NACIONALIZACION  |2 CL-VaPUC  |9 257239 
650 0 |a Extranjeros   |9 358057 
583 |a last modification  |c 20171228 04:42:21  |k Rodrigo Vera 
999 |c 257558  |d 257556 
952 |0 0  |1 0  |4 0  |6 341_488000000000000_MIN_1951  |7 0  |8 A  |9 281090  |a BIBDER  |b BIBDER  |d 2019-11-19  |h v.1  |i 1823280  |o 341.488 MIN 1951  |p 1823280  |r 2023-01-25  |w 2019-11-19  |y BK  |k DER 
952 |0 0  |1 0  |4 0  |6 341_488000000000000_MIN_1951  |7 0  |8 A  |9 281091  |a BIBDER  |b BIBDER  |d 2019-11-19  |h v.2  |i 1823299  |o 341.488 MIN 1951  |p 1823299  |r 2023-01-25  |w 2019-11-19  |y BK  |k DER